<?xml version="1.0" encoding="UTF-8"?>
<record
    xmlns:xsi="http://www.w3.org/2001/XMLSchema-instance"
    xsi:schemaLocation="http://www.loc.gov/MARC21/slim http://www.loc.gov/standards/marcxml/schema/MARC21slim.xsd"
    xmlns="http://www.loc.gov/MARC21/slim">

  <leader>00955nam a22002657a 4500</leader>
  <controlfield tag="005">20170123162344.0</controlfield>
  <datafield tag="010" ind1=" " ind2=" ">
    <subfield code="a">A-795019</subfield>
  </datafield>
  <datafield tag="020" ind1=" " ind2=" ">
    <subfield code="c">20.00</subfield>
  </datafield>
  <datafield tag="035" ind1=" " ind2=" ">
    <subfield code="a">A-795019</subfield>
  </datafield>
  <datafield tag="037" ind1=" " ind2=" ">
    <subfield code="b">Cen Lib/Ret</subfield>
  </datafield>
  <datafield tag="040" ind1=" " ind2=" ">
    <subfield code="a">DPL</subfield>
    <subfield code="b">UR</subfield>
  </datafield>
  <datafield tag="082" ind1=" " ind2=" ">
    <subfield code="a">270.51</subfield>
    <subfield code="b">&#x645; &#x62D; &#x645; </subfield>
  </datafield>
  <datafield tag="100" ind1=" " ind2=" ">
    <subfield code="a">&#x645;&#x62D;&#x645;&#x651;&#x62F; &#x642;&#x637;&#x628; </subfield>
    <subfield code="9">129700</subfield>
  </datafield>
  <datafield tag="245" ind1=" " ind2=" ">
    <subfield code="a">&#x631;&#x648;&#x634;&#x646;&#x6CC; &#x6A9;&#x6CC; &#x644;&#x6A9;&#x6CC;&#x631;&#x6CC;&#x6BA; /</subfield>
    <subfield code="c">&#x645;&#x62D;&#x645;&#x651;&#x62F; &#x642;&#x637;&#x628; &#x61B; &#x645;&#x631;&#x62A;&#x62C;&#x645; &#x627;&#x628;&#x648; &#x645;&#x633;&#x639;&#x648;&#x62F; &#x627;&#x638;&#x6C1;&#x631; &#x646;&#x62F;&#x648;&#x6CC; </subfield>
  </datafield>
  <datafield tag="246" ind1=" " ind2=" ">
    <subfield code="a">Roshni ki lakireen /</subfield>
    <subfield code="b">by Mohammad Qutub ; translated by Aboo Masood Azhar Nadvi </subfield>
  </datafield>
  <datafield tag="260" ind1=" " ind2=" ">
    <subfield code="a">&#x62F;&#x6C1;&#x644;&#x6CC; </subfield>
    <subfield code="b">&#x645;&#x631;&#x6A9;&#x632;&#x6CC; &#x645;&#x6A9;&#x62A;&#x628;&#x6C1; &#x627;&#x633;&#x644;&#x627;&#x645;&#x6CC; &#x67E;&#x628;&#x644;&#x634;&#x631;&#x632; </subfield>
    <subfield code="c">1995</subfield>
  </datafield>
  <datafield tag="270" ind1=" " ind2=" ">
    <subfield code="b">&#x62F;&#x6C1;&#x644;&#x6CC; </subfield>
    <subfield code="e">110006</subfield>
  </datafield>
  <datafield tag="300" ind1=" " ind2=" ">
    <subfield code="a">209p.</subfield>
    <subfield code="c">21cm(Hb)</subfield>
  </datafield>
  <datafield tag="650" ind1=" " ind2=" ">
    <subfield code="a">&#x645;&#x630;&#x6C1;&#x628; -- &#x627;&#x633;&#x644;&#x627;&#x645; </subfield>
    <subfield code="9">129701</subfield>
  </datafield>
  <datafield tag="650" ind1=" " ind2=" ">
    <subfield code="a"> &#x627;&#x633;&#x644;&#x627;&#x645;&#x6CC; &#x627;&#x644;&#x6C1;&#x6CC;&#x627;&#x62A;</subfield>
    <subfield code="9">1541</subfield>
  </datafield>
  <datafield tag="650" ind1=" " ind2=" ">
    <subfield code="a">Religion -- Islam</subfield>
    <subfield code="9">92070</subfield>
  </datafield>
  <datafield tag="650" ind1=" " ind2=" ">
    <subfield code="a">Islamic theology</subfield>
    <subfield code="9">129702</subfield>
  </datafield>
  <datafield tag="700" ind1=" " ind2=" ">
    <subfield code="a">&#x646;&#x62F;&#x648;&#x6CC;&#x60C; &#x627;&#x628;&#x648; &#x645;&#x633;&#x639;&#x648;&#x62F; &#x627;&#x638;&#x6C1;&#x631; </subfield>
    <subfield code="9">126276</subfield>
  </datafield>
  <datafield tag="942" ind1=" " ind2=" ">
    <subfield code="2">ddc</subfield>
    <subfield code="c">UR</subfield>
    <subfield code="h">270.51</subfield>
    <subfield code="m">&#x645; &#x62D; &#x645; </subfield>
  </datafield>
  <datafield tag="999" ind1=" " ind2=" ">
    <subfield code="c">108715</subfield>
    <subfield code="d">108715</subfield>
  </datafield>
  <datafield tag="952" ind1=" " ind2=" ">
    <subfield code="0">0</subfield>
    <subfield code="1">0</subfield>
    <subfield code="4">0</subfield>
    <subfield code="7">0</subfield>
    <subfield code="a">L</subfield>
    <subfield code="b">L</subfield>
    <subfield code="d">2016-02-02</subfield>
    <subfield code="e">Cen Lib/Ret</subfield>
    <subfield code="g">20.00</subfield>
    <subfield code="l">0</subfield>
    <subfield code="o">270.51 &#x645; &#x62D; &#x645;</subfield>
    <subfield code="p">A-795019</subfield>
    <subfield code="r">2016-02-02 00:00:00</subfield>
    <subfield code="t">1</subfield>
    <subfield code="v">20.00</subfield>
    <subfield code="w">2016-02-02</subfield>
    <subfield code="y">UR</subfield>
  </datafield>
</record>
